[Event "Krakow POL, 33rd Open-A"]
[Site "Krakow POL"]
[Date "2023.01.04"]
[Round "9.20"]
[White "Ivanov, Mike"]
[Black "De Boer, Bas"]
[Result "1-0"]
[WhiteElo "2319"]
[BlackElo "2182"]
[WhiteFideId "-1"]
[WhiteFideId "-1"]
[PlyCount "61"]
[GameId "2130307565548559"]
[EventDate "2022.12.27"]
[EventType "swiss"]
[EventRounds "9"]
[EventCountry "POL"]
[SourceTitle "10 Days #710"]
[Source "ChessMix "]
[SourceDate "2023.01.10"]
[SourceVersion "1"]
[SourceVersionDate "2023.01.10"]
[SourceQuality "1"]

1. Nc3 d5 2. e4 d4 3. Nce2 e5 4. Nf3 Bd6 5. Ng3 Nf6 6. Bb5+ c6 7. Bc4 O-O 8. d3 h6 9. O-O Re8 10. Nh4 b5 11. Bb3 Na6 12. Nhf5 Bf8 13. f4 exf4 14. Bxf4 Nc5 15. Bxf7+ Kxf7 16. e5 Bxf5 17. Nxf5 Nd5 18. Nxh6+ Kg6 19. Qg4+ Kh7 20. Nf7 Qd7 21. Qh5+ Kg8 22. Bg5 Nf6 23. Qh8+ Kxf7 24. exf6 Kg6 25. Qh4 Qd5 26. fxg7 Bxg7 27. Rf6+ Bxf6 28. Qh6+ Kf7 29. Qxf6+ Kg8 30. Qg6+ Kh8 31. Bf6# 1-0

[Event "Titled Tuesday 2022.12.20 Early"]
[Site "Chess.com INT"]
[Date "2022.12.20"]
[Round "7"]
[White "Muminova, Nafisa"]
[Black "Ivanov, Mike"]
[Result "1-0"]
[WhiteElo "2274"]
[BlackElo "2319"]
[WhiteFideId "-1"]
[WhiteFideId "-1"]
[PlyCount "91"]
[GameId "1862275381313536"]
[EventDate "2022.12.20"]
[EventType "swiss (blitz)"]
[EventRounds "11"]
[EventCountry "NET"]
[SourceTitle "EXT 2024"]
[Source "ChessBase"]
[SourceDate "2023.10.10"]
[SourceVersion "1"]
[SourceVersionDate "2023.10.10"]
[SourceQuality "1"]

1. e4 c5 2. Nf3 e6 3. d4 cxd4 4. Nxd4 Nc6 5. Nc3 Qc7 6. Be2 Nf6 7. O-O a6 8. a4 d6 9. Be3 Be7 10. Kh1 O-O 11. f4 Na5 12. Bd3 Nc4 13. Bc1 b6 14. Qf3 Bb7 15. Qh3 g6 16. Nxe6 fxe6 17. Qxe6+ Kg7 18. Qxc4 Qxc4 19. Bxc4 Nxe4 20. Nxe4 Bxe4 21. Re1 d5 22. Bxd5 Bxd5 23. Rxe7+ Kf6 24. Re5 Bb7 25. Be3 Rad8 26. c3 Rd6 27. Bd4 Kf7 28. Rae1 Rd7 29. Bxb6 Rc8 30. Bd4 Rc4 31. b4 h5 32. Kg1 h4 33. Kf2 Rc8 34. R1e2 Bd5 35. f5 g5 36. f6 Kg6 37. Re7 Rdd8 38. Rg7+ Kh6 39. Ree7 Bc6 40. Rh7+ Kg6 41. Rhg7+ Kf5 42. Re5+ Kf4 43. g3+ hxg3+ 44. hxg3+ Kg4 45. Rexg5+ Kh3 46. Rh7# 1-0

[Event "Skyline op-A"]
[Site "Dulles USA"]
[Date "2022.10.08"]
[Round "1.3"]
[White "Feng, Andrew"]
[Black "Ivanov, Mike"]
[Result "0-1"]
[WhiteElo "1900"]
[BlackElo "2337"]
[WhiteFideId "-1"]
[WhiteFideId "-1"]
[PlyCount "56"]
[GameId "2130307569586094"]
[EventDate "2022.10.08"]
[EventType "swiss"]
[EventRounds "6"]
[EventCountry "USA"]
[SourceTitle "10 Days #702"]
[Source "ChessMix"]
[SourceDate "2022.10.20"]
[SourceVersion "1"]
[SourceVersionDate "2022.10.20"]
[SourceQuality "1"]

1. e4 e6 2. d4 d5 3. Nc3 Bb4 4. e5 c5 5. a3 Bxc3+ 6. bxc3 Nc6 7. h4 Qa5 8. Bd2 Bd7 9. Nf3 c4 10. h5 O-O-O 11. Ng5 Rf8 12. f4 f6 13. Nf3 Nh6 14. Be2 Qa4 15. O-O Be8 16. Nh4 g6 17. g4 gxh5 18. g5 fxg5 19. fxg5 Rxf1+ 20. Kxf1 Ng4 21. Ra2 Rf8+ 22. Kg1 Qb5 23. a4 Qb6 24. Ra1 Nxd4 25. Bxg4 Nxc2+ 26. Kh1 Nxa1 27. Bxh5 Bxh5 28. Qxh5 Qf2 0-1

[Event "Skyline op-A"]
[Site "Dulles USA"]
[Date "2022.10.08"]
[Round "2.3"]
[White "Ivanov, Mike"]
[Black "Su, Kevin"]
[Result "1/2-1/2"]
[WhiteElo "2337"]
[BlackElo "1853"]
[WhiteFideId "-1"]
[WhiteFideId "-1"]
[PlyCount "97"]
[GameId "2130307569586107"]
[EventDate "2022.10.08"]
[EventType "swiss"]
[EventRounds "6"]
[EventCountry "USA"]
[SourceTitle "10 Days #702"]
[Source "ChessMix"]
[SourceDate "2022.10.20"]
[SourceVersion "1"]
[SourceVersionDate "2022.10.20"]
[SourceQuality "1"]

1. e4 c5 2. Nf3 e6 3. b3 Nc6 4. Bb2 a6 5. c4 Qc7 6. g3 Nf6 7. e5 Ng4 8. Bg2 Ngxe5 9. Nxe5 Nxe5 10. O-O Nc6 11. Re1 Nd4 12. Nc3 Be7 13. Qg4 Bf6 14. Nd5 Qd8 15. Qf4 O-O 16. Nxf6+ Qxf6 17. Qd6 Nf3+ 18. Bxf3 Qxf3 19. Qxc5 b6 20. Qd4 f6 21. Qe4 Qxe4 22. Rxe4 Bb7 23. Re3 Rfe8 24. a4 d5 25. a5 bxa5 26. c5 e5 27. d4 exd4 28. Bxd4 Re4 29. Rxe4 dxe4 30. Rxa5 Rd8 31. Ra4 Bd5 32. Rxa6 Bxb3 33. Rd6 Rxd6 34. cxd6 Kf7 35. Kf1 Ke6 36. Bc5 Ba4 37. Ke2 Kf5 38. Ke3 Bc6 39. Kd4 Kg4 40. Ba7 Kf3 41. Kc5 Be8 42. Kb4 g5 43. Ka5 f5 44. Bd4 f4 45. gxf4 gxf4 46. Kb6 e3 47. fxe3 fxe3 48. h4 Kg4 49. Bxe3 1/2-1/2

[Event "Skyline op-A"]
[Site "Dulles USA"]
[Date "2022.10.09"]
[Round "3.4"]
[White "Martin, Sam B"]
[Black "Ivanov, Mike"]
[Result "0-1"]
[WhiteElo "1804"]
[BlackElo "2337"]
[WhiteFideId "-1"]
[WhiteFideId "-1"]
[PlyCount "64"]
[GameId "2130307569586124"]
[EventDate "2022.10.08"]
[EventType "swiss"]
[EventRounds "6"]
[EventCountry "USA"]
[SourceTitle "10 Days #702"]
[Source "ChessMix"]
[SourceDate "2022.10.20"]
[SourceVersion "1"]
[SourceVersionDate "2022.10.20"]
[SourceQuality "1"]

1. d4 Nf6 2. c4 e6 3. Nc3 Bb4 4. a3 Bxc3+ 5. bxc3 b6 6. f3 Ba6 7. e4 Nc6 8. Bd3 Na5 9. Qe2 Nb3 10. Rb1 Nxc1 11. Rxc1 Qe7 12. Qc2 Qxa3 13. Ne2 Qe7 14. O-O Bb7 15. e5 Ng8 16. Be4 Bxe4 17. Qxe4 c6 18. Ra1 Nh6 19. Ra6 O-O 20. Rfa1 Nf5 21. Rxa7 d5 22. exd6 Nxd6 23. Rxa8 Nxe4 24. Rxf8+ Qxf8 25. fxe4 f5 26. e5 f4 27. Kf2 g5 28. h3 h5 29. Ra7 g4 30. hxg4 hxg4 31. Ra1 Qf5 32. Re1 g3+ 0-1

[Event "Skyline op-A"]
[Site "Dulles USA"]
[Date "2022.10.09"]
[Round "4.3"]
[White "Ivanov, Mike"]
[Black "Samuelson, Andrew"]
[Result "1-0"]
[WhiteElo "2337"]
[BlackElo "2106"]
[WhiteFideId "-1"]
[WhiteFideId "-1"]
[PlyCount "85"]
[GameId "2130307569586139"]
[EventDate "2022.10.08"]
[EventType "swiss"]
[EventRounds "6"]
[EventCountry "USA"]
[SourceTitle "10 Days #702"]
[Source "ChessMix"]
[SourceDate "2022.10.20"]
[SourceVersion "1"]
[SourceVersionDate "2022.10.20"]
[SourceQuality "1"]

1. e4 c5 2. Ne2 d6 3. g3 Nf6 4. Bg2 Nc6 5. O-O g6 6. c3 Bg7 7. d4 O-O 8. d5 Nb8 9. a4 Na6 10. Na3 Nc7 11. Nc4 b6 12. Bf4 Ba6 13. b3 Nd7 14. Ra2 Ne5 15. Nxe5 dxe5 16. Bg5 Ne8 17. c4 Nd6 18. Qd2 Qd7 19. Nc3 f6 20. Bh6 Rad8 21. Bxg7 Kxg7 22. Qe3 Qc7 23. f4 Nf7 24. a5 Bc8 25. Nb5 Qb8 26. axb6 axb6 27. Rfa1 Bd7 28. Ra7 Bxb5 29. cxb5 Qd6 30. R1a6 Rb8 31. Bh3 Rfd8 32. Be6 exf4 33. gxf4 g5 34. e5 fxe5 35. fxg5 Nh8 36. Rxe7+ Qxe7 37. Ra7 Kf8 38. Qf3+ Ke8 39. Rxe7+ Kxe7 40. Qf6+ Kd6 41. Bf7+ Kd7 42. Qe6+ Kc7 43. Qc6# 1-0

[Event "Skyline op-A"]
[Site "Dulles USA"]
[Date "2022.10.10"]
[Round "5.1"]
[White "Ivanov, Mike"]
[Black "Wilson, Ronen"]
[Result "0-1"]
[WhiteElo "2337"]
[BlackElo "1921"]
[WhiteFideId "-1"]
[WhiteFideId "-1"]
[PlyCount "142"]
[GameId "2130307569590248"]
[EventDate "2022.10.08"]
[EventType "swiss"]
[EventRounds "6"]
[EventCountry "USA"]
[SourceTitle "10 Days #702"]
[Source "ChessMix"]
[SourceDate "2022.10.20"]
[SourceVersion "1"]
[SourceVersionDate "2022.10.20"]
[SourceQuality "1"]

1. e4 c5 2. Nf3 d6 3. d4 cxd4 4. Qxd4 Nc6 5. Qe3 g6 6. h3 Nf6 7. Be2 Bg7 8. O-O O-O 9. Rd1 Qc7 10. c4 Be6 11. Nc3 Na5 12. Nd5 Bxd5 13. cxd5 Nc4 14. Qd3 Rac8 15. Rb1 Nd7 16. Nd4 Qa5 17. b3 Nde5 18. Qg3 Qxa2 19. Bg5 Nd7 20. Nf5 Na3 21. Nxe7+ Kh8 22. Nxc8 Nxb1 23. Bg4 Nc3 24. Re1 f5 25. exf5 gxf5 26. Bxf5 Rxf5 27. Re8+ Nf8 28. Nxd6 Qb1+ 29. Kh2 Nxd5 30. Nxf5 Qxf5 31. Bd2 Nf6 32. Re5 Qxe5 33. Qxe5 Ng4+ 34. hxg4 Bxe5+ 35. f4 Bd6 36. g3 Ne6 37. Kg2 Nc5 38. Bb4 a5 39. Bxa5 Nxb3 40. Bc3+ Kg8 41. Kf3 Kf7 42. Ke4 Ke6 43. f5+ Kd7 44. g5 Bxg3 45. Kd5 Ke7 46. g6 hxg6 47. fxg6 Bf2 48. Be5 Na5 49. Bb2 Nc6 50. Bc3 Bb6 51. Bb2 Bc7 52. Bc3 Nb8 53. Kc5 Nd7+ 54. Kb5 Ke6 55. Bd4 Bd8 56. Bc3 Bg5 57. Bd4 Bh6 58. Bc3 Be3 59. Bb2 Ke7 60. Kc4 Bg5 61. Kd5 Bf6 62. Ba3+ Ke8 63. Ke6 Bg7 64. Kd5 Nf8 65. Kd6 Kd8 66. Bc5 Nxg6 67. Bb6+ Kc8 68. Ke6 Nf4+ 69. Kd6 Bf6 70. Be3 Bd8 71. Kc5 Bb6+ 0-1

[Event "Skyline op-A"]
[Site "Dulles USA"]
[Date "2022.10.10"]
[Round "6.3"]
[White "Prem, Pranav"]
[Black "Ivanov, Mike"]
[Result "0-1"]
[WhiteElo "2028"]
[BlackElo "2337"]
[WhiteFideId "-1"]
[WhiteFideId "-1"]
[PlyCount "70"]
[GameId "2130307569590266"]
[EventDate "2022.10.08"]
[EventType "swiss"]
[EventRounds "6"]
[EventCountry "USA"]
[SourceTitle "10 Days #702"]
[Source "ChessMix"]
[SourceDate "2022.10.20"]
[SourceVersion "1"]
[SourceVersionDate "2022.10.20"]
[SourceQuality "1"]

1. d4 Nf6 2. c4 e6 3. Nf3 c5 4. d5 exd5 5. cxd5 d6 6. Nc3 g6 7. Nd2 Nbd7 8. e4 Bg7 9. Be2 O-O 10. O-O Re8 11. Qc2 Ne5 12. Nc4 Nxc4 13. Bxc4 a6 14. a4 Ng4 15. Bf4 Ne5 16. Be2 f5 17. Rfe1 Rb8 18. Qd2 Bd7 19. a5 Nf7 20. exf5 Bxf5 21. Na4 Qf6 22. Rac1 Re4 23. Nc3 Rd4 24. Qe3 Rb4 25. Qd2 Qd4 26. Be3 Qxd2 27. Bxd2 Rxb2 28. Bf4 Re8 29. Be3 Rb3 30. Na4 Ra3 31. Bd1 Bd4 32. Bd2 Rxe1+ 33. Bxe1 Ne5 34. Bc3 Nd3 35. Rc2 Rxa4 0-1

[Event "Trieste op"]
[Site "Trieste ITA"]
[Date "2022.09.06"]
[Round "6.12"]
[White "Ivanov, Mike"]
[Black "Marzocchi, Tommaso"]
[Result "1-0"]
[WhiteElo "2357"]
[BlackElo "2223"]
[WhiteFideId "-1"]
[WhiteFideId "-1"]
[PlyCount "121"]
[GameId "2130307571242306"]
[EventDate "2022.09.03"]
[EventType "swiss"]
[EventRounds "9"]
[EventCountry "ITA"]
[SourceTitle "10 Days #698"]
[Source "ChessMix"]
[SourceDate "2022.09.10"]
[SourceVersion "1"]
[SourceVersionDate "2022.09.10"]
[SourceQuality "1"]

1. e4 c5 2. Nf3 e6 3. b3 Nc6 4. Bb2 a6 5. c4 d6 6. d4 cxd4 7. Nxd4 Nf6 8. Bd3 Be7 9. O-O O-O 10. Nd2 Qb6 11. Nc2 Rd8 12. Ne3 Ne5 13. Bc2 Bd7 14. Qe2 Bc6 15. Kh1 Ned7 16. Rae1 Qc7 17. f4 b5 18. e5 dxe5 19. fxe5 Nxe5 20. Nd5 Bxd5 21. Bxe5 Qc8 22. Bxh7+ Kxh7 23. cxd5 Rxd5 24. Nf3 Kg8 25. Ng5 Qd8 26. Qf3 Rc8 27. Qh3 Rcc5 28. Bxf6 Bxf6 29. Qh7+ Kf8 30. Rxe6 fxe6 31. Nxe6+ Kf7 32. Nxd8+ Rxd8 33. Qe4 Rcd5 34. h3 R5d6 35. a4 bxa4 36. bxa4 a5 37. Qc4+ Rd5 38. Rd1 Ke6 39. Qe4+ Be5 40. Rf1 Kd6 41. Qg6+ Bf6 42. Qf7 Rd7 43. Qf8+ Ke6 44. Qe8+ Kd6 45. Rb1 Bd4 46. Qf8+ Ke6 47. Re1+ Be5 48. Qe8+ Kd6 49. Qh5 Bf6 50. Rd1 Be5 51. Re1 Bf6 52. Qe8 Be5 53. Rb1 Bd4 54. Rb5 Rxb5 55. axb5 Kc7 56. Qa8 Be5 57. Qxa5+ Kb8 58. Qb6+ Kc8 59. Qc5+ Bc7 60. g4 Rd6 61. b6 1-0

[Event "Trieste op 24th"]
[Site "Trieste"]
[Date "2022.09.04"]
[Round "3"]
[White "Zuttioni, Federico"]
[Black "Ivanov, Mike"]
[Result "0-1"]
[WhiteElo "2138"]
[BlackElo "2357"]
[WhiteFideId "-1"]
[WhiteFideId "-1"]
[PlyCount "50"]
[GameId "1821686339342336"]
[EventDate "2022.09.03"]
[EventType "swiss"]
[EventRounds "9"]
[EventCountry "ITA"]
[SourceTitle "CBM 210 Extra"]
[Source "ChessBase"]
[SourceDate "2022.11.30"]
[SourceVersion "1"]
[SourceVersionDate "2022.11.30"]
[SourceQuality "1"]

1. e4 e6 2. d4 d5 3. Nc3 Bb4 4. e5 c5 5. a3 Bxc3+ 6. bxc3 Ne7 7. a4 Qc7 8. Nf3 b6 9. Bb5+ Bd7 10. Bd3 Nbc6 11. Qd2 c4 12. Be2 f6 13. exf6 gxf6 14. Qh6 Rf8 15. Bf4 e5 16. Qh5+ Ng6 17. Bg3 O-O-O 18. Qxh7 Nf4 19. Bxf4 exf4 20. O-O Qd6 21. Bxc4 dxc4 22. Rfe1 Rg8 23. Qf7 Bh3 24. Nh4 Bxg2 25. Nxg2 f3 0-1

[Event "Trieste op 24th"]
[Site "Trieste"]
[Date "2022.09.06"]
[Round "5"]
[White "Titze, Leo"]
[Black "Ivanov, Mike"]
[Result "1-0"]
[WhiteElo "2116"]
[BlackElo "2357"]
[WhiteFideId "-1"]
[WhiteFideId "-1"]
[PlyCount "84"]
[GameId "1823056777486336"]
[EventDate "2022.09.03"]
[EventType "swiss"]
[EventRounds "9"]
[EventCountry "ITA"]
[SourceTitle "CBM 210 Extra"]
[Source "ChessBase"]
[SourceDate "2022.11.30"]
[SourceVersion "1"]
[SourceVersionDate "2022.11.30"]
[SourceQuality "1"]

1. d4 Nf6 2. c4 e6 3. Nf3 c5 4. d5 exd5 5. cxd5 Bd6 6. Nc3 O-O 7. Bg5 h6 8. Bh4 Re8 9. e3 a6 10. a4 Bc7 11. d6 Ba5 12. Bc4 b5 13. axb5 axb5 14. Bxb5 Qb6 15. O-O g5 16. Bg3 Bb7 17. Rb1 Ne4 18. Bc4 Qc6 19. Qb3 Nd2 20. Bxf7+ Kf8 21. Qd5 Qxd5 22. Bxd5 Bxd5 23. Nxd2 Bxc3 24. bxc3 Ra2 25. Nf3 Nc6 26. Rfd1 Be4 27. Rb5 Rea8 28. h4 g4 29. Ne5 Nxe5 30. Bxe5 R2a5 31. Rxa5 Rxa5 32. Kh2 h5 33. f3 gxf3 34. gxf3 Bc6 35. e4 Ra3 36. Rc1 Ra2+ 37. Rc2 Rb2 38. Kg2 Bb5 39. Kg3 Be2 40. Kf2 Rxc2 41. Ke3 Bf1 42. Kf4 Bg2 1-0

[Event "Trieste op 24th"]
[Site "Trieste"]
[Date "2022.09.07"]
[Round "7"]
[White "Ivanov, Mike"]
[Black "Cappelletto, Joshuaede"]
[Result "1/2-1/2"]
[WhiteElo "2357"]
[BlackElo "2323"]
[WhiteFideId "-1"]
[WhiteFideId "-1"]
[PlyCount "187"]
[GameId "1823056777539584"]
[EventDate "2022.09.03"]
[EventType "swiss"]
[EventRounds "9"]
[EventCountry "ITA"]
[SourceTitle "CBM 210 Extra"]
[Source "ChessBase"]
[SourceDate "2022.11.30"]
[SourceVersion "1"]
[SourceVersionDate "2022.11.30"]
[SourceQuality "1"]

1. e4 c5 2. Nf3 d6 3. d4 Nf6 4. Bb5+ Nbd7 5. e5 cxd4 6. Qxd4 dxe5 7. Nxe5 a6 8. Nxd7 Bxd7 9. Bxd7+ Qxd7 10. Be3 Qc6 11. O-O g6 12. c4 Rc8 13. c5 Bg7 14. Nc3 O-O 15. Rfd1 h5 16. Nd5 Nxd5 17. Qxd5 Bxb2 18. Rab1 Qxd5 19. Rxd5 e6 20. Rd3 Rfd8 21. Rxd8+ Rxd8 22. Kf1 Bd4 23. Bxd4 Rxd4 24. Rxb7 Rc4 25. Ra7 Rxc5 26. Rxa6 g5 27. g3 Rc2 28. Ra5 g4 29. Rxh5 f5 30. Rh6 Rxa2 31. Rxe6 Kf7 32. Re2 Ra3 33. Kg2 Kf6 34. Rb2 Kg5 35. Rc2 Rb3 36. Rc8 Rb2 37. Rg8+ Kf6 38. Rh8 Kg7 39. Rh4 Kg6 40. h3 gxh3+ 41. Rxh3 Ra2 42. Rh8 Ra3 43. Rg8+ Kf7 44. Rb8 Ra6 45. Kf3 Ra4 46. Rb6 Rc4 47. Ke3 Ra4 48. Rd6 Re4+ 49. Kf3 Ra4 50. Kg2 Ra2 51. Rc6 Rb2 52. Kf3 Rb4 53. Rh6 Kg7 54. Ra6 Kf7 55. Ke3 Re4+ 56. Kf3 Rb4 57. Ke2 Re4+ 58. Kf1 Rb4 59. Kg1 Rb2 60. Kg2 Rc2 61. Kf3 Rc4 62. Ke3 Re4+ 63. Kd3 Rb4 64. f3 Rb3+ 65. Ke2 Kg7 66. Kf2 Kf7 67. Kg2 Kg7 68. Rd6 Ra3 69. Rb6 Rc3 70. f4 Rc1 71. Rb3 Ra1 72. Kf3 Re1 73. Rb6 Ra1 74. Ke3 Ra3+ 75. Kd4 Rxg3 76. Ke5 Rg6 77. Rb7+ Kf8 78. Kxf5 Rc6 79. Ke5 Ra6 80. Rd7 Rb6 81. f5 Ke8 82. Ra7 Kf8 83. Kf4 Rc6 84. Kg5 Rb6 85. Kh5 Rc6 86. Ra1 Kf7 87. Rg1 Ra6 88. Kg5 Kg7 89. Re1 Kf7 90. Rb1 Rc6 91. Rb7+ Kf8 92. f6 Rc1 93. Kg6 Rg1+ 94. Kf5 1/2-1/2

[Event "Trieste op 24th"]
[Site "Trieste"]
[Date "2022.09.08"]
[Round "8"]
[White "Player, Edmund"]
[Black "Ivanov, Mike"]
[Result "0-1"]
[WhiteElo "2218"]
[BlackElo "2357"]
[WhiteFideId "-1"]
[WhiteFideId "-1"]
[PlyCount "100"]
[GameId "1823056777596928"]
[EventDate "2022.09.03"]
[EventType "swiss"]
[EventRounds "9"]
[EventCountry "ITA"]
[SourceTitle "CBM 210 Extra"]
[Source "ChessBase"]
[SourceDate "2022.11.30"]
[SourceVersion "1"]
[SourceVersionDate "2022.11.30"]
[SourceQuality "1"]

1. e4 e6 2. d4 d5 3. Nd2 Be7 4. Bd3 c5 5. dxc5 Nf6 6. Qe2 O-O 7. Ngf3 a5 8. O-O Na6 9. e5 Nd7 10. c4 Naxc5 11. cxd5 Nxd3 12. Qxd3 Nc5 13. Qc2 exd5 14. Nd4 Bg4 15. N2b3 Ne6 16. a4 Rc8 17. Qd3 f6 18. Nxe6 Bxe6 19. Nd4 Qd7 20. Bf4 Bf7 21. Rfe1 fxe5 22. Bxe5 Bc5 23. Qg3 Bg6 24. h4 Ba7 25. Rad1 Rf7 26. Rd2 Re8 27. b3 Rfe7 28. f4 Bc5 29. Rc1 b6 30. Kh2 Be4 31. Rf1 Rf7 32. Nf3 h6 33. Bd4 Bd6 34. Be5 Bxe5 35. fxe5 Qe7 36. e6 Qxe6 37. Nd4 Qd7 38. Rxf7 Qxf7 39. Rf2 Qh5 40. Qf4 Kh7 41. Ne2 Bg6 42. Ng3 Qe5 43. Qxe5 Rxe5 44. Re2 Rxe2 45. Nxe2 Be4 46. Nd4 Kg6 47. Kg3 Kf6 48. Kf2 Ke5 49. Ne2 Bc2 50. Nc1 Kd4 0-1

[Event "Sants op"]
[Site "Barcelona ESP"]
[Date "2022.08.22"]
[Round "4.11"]
[White "Ivanov, Mike"]
[Black "Peralta, Fernando"]
[Result "0-1"]
[WhiteElo "2359"]
[BlackElo "2595"]
[WhiteFideId "-1"]
[WhiteFideId "-1"]
[PlyCount "82"]
[GameId "2129404718121241"]
[EventDate "2022.08.19"]
[EventType "swiss"]
[EventRounds "10"]
[EventCountry "ESP"]
[SourceTitle "10 Days #697"]
[Source "ChessMix"]
[SourceDate "2022.09.01"]
[SourceVersion "1"]
[SourceVersionDate "2022.09.01"]
[SourceQuality "1"]

1. e4 {[%emt 0:00:04]} e6 {[%emt 0:00:06]} 2. d4 {[%emt 0:01:23]} d5 {[%emt 0:00:06]} 3. e5 {[%emt 0:00:04]} c5 {[%emt 0:00:12]} 4. c3 {[%emt 0:00:57]} Nc6 {[%emt 0:00:11]} 5. Nf3 {[%emt 0:00:06]} Bd7 {[%emt 0:00:28]} 6. Bd3 {[%emt 0:00:39]} cxd4 {[%emt 0:00:37]} 7. O-O {[%emt 0:00:57]} dxc3 {[%emt 0:01:19]} 8. Nxc3 {[%emt 0:00:06]} Nge7 {[%emt 0:01:08]} 9. Bg5 {[%emt 0:03:45]} a6 {[%emt 0:03:39]} 10. Re1 {[%emt 0:00:51]} h6 {[%emt 0:00:49]} 11. Be3 {[%emt 0:09:55]} Ng6 {[%emt 0:21:50]} 12. Bxg6 {[%emt 0:10:49]} fxg6 {[%emt 0:00:05]} 13. Qd3 {[%emt 0:00:03]} Kf7 {[%emt 0:02:00]} 14. Na4 {[%emt 0:07:33]} Be7 {[%emt 0:10:11]} 15. Bb6 {[%emt 0:02:54]} Qe8 {[%emt 0:13:53]} 16. Nc5 {[%emt 0:02:35]} Bc8 {[%emt 0:00:14]} 17. a3 {[%emt 0:06:07]} Rf8 {[%emt 0:00:38]} 18. Rac1 {[%emt 0:07:15]} Kg8 {[%emt 0:00:16]} 19. Nd4 {[%emt 0:06:50]} Bg5 {[%emt 0:07:08]} 20. Rc3 {[%emt 0:04:51]} Nxd4 {[%emt 0:01:40]} 21. Qxd4 {[%emt 0:00:02]} Rf4 {[%emt 0:00:11]} 22. Qd3 {[%emt 0:01:37]} Qc6 {[%emt 0:03:56]} 23. Ba5 {[%emt 0:06:48]} b6 {[%emt 0:05:52]} 24. Nb3 {[%emt 0:00:55]} Rc4 {[%emt 0:00:19]} 25. Bb4 {[%emt 0:02:48]} a5 {[%emt 0:03:10]} 26. Nd4 {[%emt 0:02:56]} axb4 {[%emt 0:02:10]} 27. Nxc6 {[%emt 0:00:36]} bxc3 {[%emt 0:00:03]} 28. h4 {[%emt 0:02:41]} Bxh4 {[%emt 0:02:11]} 29. Nb4 {[%emt 0:04:36]} cxb2 {[%emt 0:00:31]} 30. Qb1 {[%emt 0:01:11]} Rxb4 {[%emt 0:00:48]} 31. axb4 {[%emt 0:00:38]} Ra1 {[%emt 0:00:02]} 32. Qxa1 {[%emt 0:01:14]} bxa1=Q {[%emt 0:00:11]} 33. Rxa1 {[%emt 0:00:02]} Kf7 {[%emt 0:03:18]} 34. Ra7+ {[%emt 0:05:25]} Be7 {[%emt 0:01:15]} 35. Rc7 {[%emt 0:00:20]} Ba6 {[%emt 0:00:07]} 36. f3 {[%emt 0:03:04]} Bc4 {[%emt 0:03:52]} 37. Kf2 {[%emt 0:00:30]} g5 {[%emt 0:01:15]} 38. Ke3 {[%emt 0:00:14]} h5 {[%emt 0:00:15]} 39. Ra7 {[%emt 0:01:14]} b5 {[%emt 0:00:49]} 40. Kf2 {[%emt 0:00:30]} d4 {[%emt 0:07:03]} 41. Rd7 {[%emt 0:00:41]} Ke8 {[%emt 0:01:06]} 0-1

[Event "Sants op"]
[Site "Barcelona ESP"]
[Date "2022.08.28"]
[Round "10.13"]
[White "Ivanov, Mike"]
[Black "Bakshi, Rutuja"]
[Result "1-0"]
[WhiteElo "2359"]
[BlackElo "2048"]
[WhiteFideId "-1"]
[WhiteFideId "-1"]
[PlyCount "137"]
[GameId "2130307571746912"]
[EventDate "2022.08.19"]
[EventType "swiss"]
[EventRounds "10"]
[EventCountry "ESP"]
[SourceTitle "10 Days #697"]
[Source "ChessMix"]
[SourceDate "2022.09.01"]
[SourceVersion "1"]
[SourceVersionDate "2022.09.01"]
[SourceQuality "1"]

1. e4 e6 2. d4 d5 3. Nc3 dxe4 4. Nxe4 Bd7 5. Nf3 Bc6 6. Bd3 Nd7 7. O-O Ngf6 8. Ned2 Be7 9. Nc4 Bb5 10. Bd2 Bxc4 11. Bxc4 a6 12. a4 c5 13. dxc5 Nxc5 14. Bf4 Qb6 15. Be5 Ncd7 16. Bc3 Bb4 17. a5 Qc5 18. Bxb4 Qxb4 19. Qd4 Qc5 20. Qxc5 Nxc5 21. Ne5 Ke7 22. Be2 Rac8 23. Bf3 Rc7 24. Rfe1 Rd8 25. Re2 Nd5 26. g3 Nb4 27. Rae1 Nd7 28. Nxd7 Rdxd7 29. c3 Nc6 30. Ra1 Rd6 31. Kg2 Rcd7 32. Ra4 Kd8 33. h4 Kc8 34. Rc4 Rc7 35. b4 Ne7 36. Rxc7+ Kxc7 37. Re5 Nd5 38. Re4 Kd7 39. Rg4 g6 40. Rd4 Kc7 41. g4 h6 42. g5 hxg5 43. hxg5 Kd7 44. Kg3 Kc7 45. Be4 Kd7 46. Bf3 Ke7 47. Rc4 Kd7 48. Rh4 Kc7 49. c4 Ne7 50. Rh7 Nf5+ 51. Kf4 Rd7 52. Be4 Nd6 53. Bd3 e5+ 54. Ke3 e4 55. Bf1 Re7 56. Kf4 Nf5 57. Be2 e3 58. fxe3 Nxe3 59. Bd3 Kd6 60. Rh2 Kd7 61. Re2 Nd1 62. Rxe7+ Kxe7 63. Be4 Nb2 64. c5 Ke6 65. Ke3 Nc4+ 66. Kd4 Ne5 67. Bxb7 f5 68. gxf6 Kxf6 69. b5 1-0

[Event "Sant Adria de Besos op"]
[Site "Sant Adria de Besos ESP"]
[Date "2022.08.11"]
[Round "1.3"]
[White "Sudarshan, Bhat"]
[Black "Ivanov, Mike"]
[Result "0-1"]
[WhiteElo "2025"]
[BlackElo "2359"]
[WhiteFideId "-1"]
[WhiteFideId "-1"]
[PlyCount "70"]
[GameId "2130307572179849"]
[EventDate "2022.08.11"]
[EventType "swiss"]
[EventRounds "9"]
[EventCountry "ESP"]
[SourceTitle "10 Days #696"]
[Source "ChessMix"]
[SourceDate "2022.08.20"]
[SourceVersion "1"]
[SourceVersionDate "2022.08.20"]
[SourceQuality "1"]

1. e4 e6 2. d4 d5 3. Nc3 Bb4 4. Nge2 Nf6 5. e5 Nfd7 6. a3 Be7 7. Nf4 c5 8. Qg4 g6 9. dxc5 Nc6 10. Nd3 h5 11. Qg3 h4 12. Qg4 Ndxe5 13. Nxe5 Nxe5 14. Qf4 Nc6 15. Bb5 h3 16. gxh3 Bxc5 17. Be3 Bxe3 18. fxe3 Qh4+ 19. Qxh4 Rxh4 20. O-O-O Bd7 21. Rhe1 Rxh3 22. e4 d4 23. Bxc6 Bxc6 24. Rxd4 Rxh2 25. Red1 Ke7 26. b4 a6 27. Kb2 Rc8 28. a4 Be8 29. R1d3 f6 30. Kb3 g5 31. Rd6 g4 32. Rb6 Rc7 33. b5 Rh3 34. bxa6 bxa6 35. Ne2 Rd7 0-1